[Event "Monarch Assurance Isle of Man 12th"]
[Site "Port Erin IOM"]
[Date "2003.09.30"]
[Round "4.26"]
[White "Timmermans, Ivo"]
[Black "Moreno Carnero, Javier"]
[Result "0-1"]
[WhiteElo "2213"]
[BlackElo "2512"]
[PlyCount "66"]
[EventDate "2003.09.27"]
[EventType "swiss"]
[EventRounds "9"]
[EventCountry "IOM"]
[SourceTitle "BritBase"]
[SourceDate "2008.07.14"]
[SourceVersion "1"]
[SourceVersionDate "2008.07.14"]
[SourceQuality "2"]

1. e4 c5 2. Nf3 d6 3. d4 cxd4 4. Nxd4 Nf6 5. Nc3 a6 6. Bg5 e6 7. f4 Qc7 8. Qf3
b5 9. f5 b4 10. Ncb5 axb5 11. Bxb5+ Bd7 12. fxe6 Bxb5 13. Nxb5 Qc5 14. Bxf6
fxe6 15. Rf1 Qxb5 16. Bxg7 Qxf1+ 17. Kxf1 Bxg7 18. Qg4 O-O+ 19. Ke2 Nc6 20. Rd1
Rad8 21. e5 Nxe5 22. Qxb4 Rb8 23. Qxd6 Rxb2 24. Qxe6+ Kh8 25. a4 Rxc2+ 26. Rd2
Rcc8 27. Kd1 Rfe8 28. Qa6 Ng4 29. Re2 Rcd8+ 30. Kc2 Ne3+ 31. Kb3 Rb8+ 32. Ka2
Red8 33. Qa7 Nd5 0-1

[Event "Monarch Assurance Isle of Man 12th"]
[Site "Port Erin IOM"]
[Date "2003.09.30"]
[Round "4.27"]
[White "Porat, Ido"]
[Black "Jonkman, Harmen"]
[Result "1/2-1/2"]
[WhiteElo "2147"]
[BlackElo "2424"]
[PlyCount "45"]
[EventDate "2003.09.27"]
[EventType "swiss"]
[EventRounds "9"]
[EventCountry "IOM"]
[SourceTitle "BritBase"]
[SourceDate "2008.07.14"]
[SourceVersion "1"]
[SourceVersionDate "2008.07.14"]
[SourceQuality "2"]

1. d4 Nf6 2. c4 e6 3. Nf3 b6 4. Nc3 Bb7 5. a3 c5 6. d5 exd5 7. cxd5 g6 8. e4 d6
9. Bf4 a6 10. a4 Qe7 11. Bc4 Nbd7 12. O-O Nh5 13. Bg5 f6 14. Be3 Bc8 15. Nd2
Ng7 16. f4 Qd8 17. Nf3 Be7 18. Qd2 O-O 19. e5 fxe5 20. Nxe5 Bh4 21. Nc6 Qc7 22.
Bf2 Bf6 23. Rae1 1/2-1/2

[Event "Monarch Assurance Isle of Man 12th"]
[Site "Port Erin IOM"]
[Date "2003.09.30"]
[Round "4.28"]
[White "Fairbairn, Stephen"]
[Black "Grunberg, Mihai"]
[Result "0-1"]
[WhiteElo "2096"]
[BlackElo "2406"]
[PlyCount "89"]
[EventDate "2003.09.27"]
[EventType "swiss"]
[EventRounds "9"]
[EventCountry "IOM"]
[SourceTitle "BritBase"]
[SourceDate "2008.07.14"]
[SourceVersion "1"]
[SourceVersionDate "2008.07.14"]
[SourceQuality "2"]

1. d4 g6 2. c4 Bg7 3. Nc3 d6 4. e4 Nd7 5. Be2 e5 6. d5 Ngf6 7. Bg5 h6 8. Be3
Nc5 9. f3 a5 10. g4 c6 11. h4 cxd5 12. cxd5 Bd7 13. Nh3 a4 14. Nf2 Qa5 15. Qd2
b5 16. Ncd1 b4 17. Nd3 Nxd3+ 18. Bxd3 Bb5 19. Nf2 h5 20. g5 Nd7 21. Bxb5 Qxb5
22. Nd3 O-O 23. O-O f5 24. Rac1 fxe4 25. fxe4 Rxf1+ 26. Kxf1 b3 27. a3 Nb6 28.
Bxb6 Qxb6 29. Ke2 Qb7 30. Qc3 Qd7 31. Nf2 Qf7 32. Qf3 Qb7 33. Qc3 Rf8 34. Nh3
Qb5+ 35. Kd2 Qd7 36. Qg3 Rf7 37. Qg2 Bf8 38. Rc6 Be7 39. Nf2 Rf4 40. Nd3 Rxh4
41. Nxe5 dxe5 42. Rxg6+ Kh7 43. Re6 Qa7 44. g6+ Kg7 45. Ke2 0-1

[Event "Monarch Assurance Isle of Man 12th"]
[Site "Port Erin IOM"]
[Date "2003.09.30"]
[Round "4.29"]
[White "Stubberud, Ornulf"]
[Black "Cioara, Andrei N"]
[Result "1/2-1/2"]
[WhiteElo "1965"]
[BlackElo "2394"]
[PlyCount "37"]
[EventDate "2003.09.27"]
[EventType "swiss"]
[EventRounds "9"]
[EventCountry "IOM"]
[SourceTitle "BritBase"]
[SourceDate "2008.07.14"]
[SourceVersion "1"]
[SourceVersionDate "2008.07.14"]
[SourceQuality "2"]

1. e4 c6 2. d4 d5 3. f3 dxe4 4. fxe4 e5 5. Nf3 exd4 6. Bc4 Be6 7. Bxe6 fxe6 8.
O-O Nf6 9. Qd3 Be7 10. Ng5 Qd6 11. Qb3 Nbd7 12. Nxe6 Nc5 13. Nxg7+ Kf8 14. Qh3
Kxg7 15. Qh6+ Kf7 16. Qh5+ Kg8 17. Qg5+ Kf7 18. Qh5+ Kg8 19. Qg5+ 1/2-1/2

[Event "Monarch Assurance Isle of Man 12th"]
[Site "Port Erin IOM"]
[Date "2003.09.30"]
[Round "4.30"]
[White "Adams, Phil"]
[Black "Bae, Torstein"]
[Result "0-1"]
[WhiteElo "2115"]
[BlackElo "2366"]
[PlyCount "70"]
[EventDate "2003.09.27"]
[EventType "swiss"]
[EventRounds "9"]
[EventCountry "IOM"]
[SourceTitle "BritBase"]
[SourceDate "2008.07.14"]
[SourceVersion "1"]
[SourceVersionDate "2008.07.14"]
[SourceQuality "2"]

1. e4 c6 2. d4 d5 3. exd5 cxd5 4. c4 Nf6 5. Nc3 Nc6 6. Nf3 Bg4 7. cxd5 Nxd5 8.
Qb3 Bxf3 9. gxf3 Nb6 10. Be3 e6 11. O-O-O Be7 12. d5 exd5 13. Nxd5 Nxd5 14.
Rxd5 Qc7 15. Kb1 O-O 16. Be2 Bf6 17. f4 Rad8 18. Rc1 Rxd5 19. Qxd5 Rd8 20. Qc5
Qd7 21. Bb5 Rc8 22. Qc2 Qe7 23. Qf5 Re8 24. a3 g6 25. Qc2 Kg7 26. Qa4 Rb8 27.
Rc2 Qe6 28. Qc4 Qf5 29. Qd3 Qe6 30. Qc4 Qf5 31. Qd3 {(=)} Qh3 32. Qe4 Qxh2 33.
Rc1 Qh5 34. Rc5 Qd1+ 35. Rc1 Qb3 0-1

[Event "Monarch Assurance Isle of Man 12th"]
[Site "Port Erin IOM"]
[Date "2003.09.30"]
[Round "4.31"]
[White "Coathup, Roger"]
[Black "Gabrielsen, Trond"]
[Result "0-1"]
[WhiteElo "2134"]
[BlackElo "2228"]
[PlyCount "80"]
[EventDate "2003.09.27"]
[EventType "swiss"]
[EventRounds "9"]
[EventCountry "IOM"]
[SourceTitle "BritBase"]
[SourceDate "2008.07.14"]
[SourceVersion "1"]
[SourceVersionDate "2008.07.14"]
[SourceQuality "2"]

1. d4 f5 2. e4 fxe4 3. Nc3 Nf6 4. Bg5 Nc6 5. Bb5 a6 6. Ba4 g6 7. f3 exf3 8.
Nxf3 b5 9. Bb3 Na5 10. O-O Nxb3 11. axb3 Bb7 12. Qe2 Bg7 13. Rae1 O-O 14. Qxe7
Qxe7 15. Rxe7 b4 16. Na4 Nd5 17. Ree1 d6 18. c4 bxc3 19. Nxc3 h6 20. Bd2 Nb4
21. Re7 Rac8 22. Ne2 Nd5 23. Re6 g5 24. h3 Bc6 25. Ng3 Bd7 26. Re4 Rb8 27. b4
Nxb4 28. Bxb4 Rxb4 29. Rc1 c6 30. Ra1 Bc8 31. Rc1 Rxb2 32. Re7 Bxh3 33. Nh5 Bh8
34. Ne1 Bg4 35. Ng3 Bxd4+ 36. Kh2 c5 37. Ne4 Be5+ 38. Kg1 Be2 39. Nc2 Bd3 40.
Nxc5 dxc5 0-1

[Event "Monarch Assurance Isle of Man 12th"]
[Site "Port Erin IOM"]
[Date "2003.09.30"]
[Round "4.32"]
[White "Gruettner, Ralf"]
[Black "Lane, Gary W"]
[Result "0-1"]
[WhiteElo "2073"]
[BlackElo "2412"]
[PlyCount "38"]
[EventDate "2003.09.27"]
[EventType "swiss"]
[EventRounds "9"]
[EventCountry "IOM"]
[SourceTitle "BritBase"]
[SourceDate "2008.07.14"]
[SourceVersion "1"]
[SourceVersionDate "2008.07.14"]
[SourceQuality "2"]

1. d4 Nf6 2. c4 g6 3. Nc3 Bg7 4. e4 d6 5. Nf3 O-O 6. Be2 Nbd7 7. O-O e5 8. d5
Nc5 9. Qc2 a5 10. Ne1 h6 11. Rb1 Nfxe4 12. Nxe4 Nxe4 13. Qxe4 Bf5 14. Qf3 Bxb1
15. Qh3 g5 16. Nd3 Bxa2 17. Bg4 Bxc4 18. Qf3 c6 19. dxc6 bxc6 0-1

[Event "Monarch Assurance Isle of Man 12th"]
[Site "Port Erin IOM"]
[Date "2003.09.30"]
[Round "4.33"]
[White "Daly, Colm"]
[Black "Horton, E Justin"]
[Result "0-1"]
[WhiteElo "2355"]
[BlackElo "2120"]
[PlyCount "122"]
[EventDate "2003.09.27"]
[EventType "swiss"]
[EventRounds "9"]
[EventCountry "IOM"]
[SourceTitle "BritBase"]
[SourceDate "2008.07.14"]
[SourceVersion "1"]
[SourceVersionDate "2008.07.14"]
[SourceQuality "2"]

1. c4 c6 2. Nf3 d5 3. b3 Nf6 4. Bb2 Qb6 5. e3 Bg4 6. h3 Bh5 7. cxd5 cxd5 8. Bd4
Qa5 9. Bc3 Qb6 10. Be2 e6 11. Bd4 Qa5 12. Bc3 Qb6 {(=)} 13. O-O Nc6 14. Bxf6
gxf6 15. Nc3 Be7 16. Ne1 Bxe2 17. Nxe2 d4 18. e4 O-O-O 19. Nd3 Kb8 20. Ng3 Qb5
21. Qb1 Rhg8 22. Kh2 h5 23. f4 h4 24. Nh1 f5 25. e5 Qd5 26. Rf2 Rg6 27. Qf1
Rdg8 28. Qe2 Nb4 29. Nxb4 Bxb4 30. d3 Rg3 31. Rg1 Be7 32. Rff1 R3g7 33. Rf3 f6
34. exf6 Bxf6 35. g3 Bd8 36. Rff1 Bc7 37. Qh5 Qd8 38. Qf3 e5 39. g4 fxg4 40.
Rxg4 Rxg4 41. hxg4 exf4 42. Nf2 Qd6 43. Ne4 Qa3 44. Kh3 Rf8 45. Re1 Qb4 46. Re2
a5 47. g5 Qe7 48. Rg2 Ka7 49. Rg4 Qe6 50. g6 Rg8 51. Nc5 Qe3 52. Qxe3 dxe3 53.
Kg2 e2 54. Kf2 f3 55. Ne4 Bb6+ 56. Ke1 Rc8 57. Kd2 Be3+ 58. Kxe3 e1=Q+ 59. Kxf3
Rf8+ 60. Kg2 h3+ 61. Kxh3 Qh1+ 0-1

[Event "Monarch Assurance Isle of Man 12th"]
[Site "Port Erin IOM"]
[Date "2003.09.30"]
[Round "4.34"]
[White "Porat, David"]
[Black "Goodger, Martyn"]
[Result "1-0"]
[WhiteElo "2235"]
[BlackElo "2114"]
[PlyCount "79"]
[EventDate "2003.09.27"]
[EventType "swiss"]
[EventRounds "9"]
[EventCountry "IOM"]
[SourceTitle "BritBase"]
[SourceDate "2008.07.14"]
[SourceVersion "1"]
[SourceVersionDate "2008.07.14"]
[SourceQuality "2"]

1. d4 f5 2. g3 Nf6 3. Bg2 g6 4. Nh3 Bg7 5. Nf4 Nc6 6. c3 O-O 7. h4 Ng4 8. Qb3+
e6 9. Nd2 Qe8 10. d5 Nd8 11. dxe6 dxe6 12. Nf3 a5 13. h5 a4 14. Qc4 b5 15. Qxc7
Rf7 16. Qd6 Ra6 17. Qd1 Rd7 18. Qc2 e5 19. hxg6 hxg6 20. Nh3 Bb7 21. Nh4 Rad6
22. O-O Bxg2 23. Nxg2 e4 24. Bf4 Rd5 25. Rad1 Ne6 26. Rxd5 Rxd5 27. Rd1 Qd8 28.
Rxd5 Qxd5 29. Ne3 Nxe3 30. Bxe3 Qxa2 31. Qd2 Qc4 32. Qd7 Nf8 33. Qd2 Ne6 34.
Qd6 Kh7 35. Qxe6 Qxe6 36. Ng5+ Kg8 37. Nxe6 b4 38. Nxg7 a3 39. bxa3 b3 40. Bc1
1-0

[Event "Monarch Assurance Isle of Man 12th"]
[Site "Port Erin IOM"]
[Date "2003.09.30"]
[Round "4.35"]
[White "Ashton, Adam"]
[Black "Fossum, Oystein Boyum"]
[Result "1-0"]
[WhiteElo "2234"]
[BlackElo "2090"]
[PlyCount "80"]
[EventDate "2003.09.27"]
[EventType "swiss"]
[EventRounds "9"]
[EventCountry "IOM"]
[SourceTitle "BritBase"]
[SourceDate "2008.07.14"]
[SourceVersion "1"]
[SourceVersionDate "2008.07.14"]
[SourceQuality "2"]

1. e4 c5 2. Nf3 g6 3. d4 cxd4 4. Nxd4 Bg7 5. c4 Nc6 6. Be3 Nf6 7. Nc3 O-O 8.
Be2 d6 9. O-O Bd7 10. Qd2 Nxd4 11. Bxd4 Bc6 12. f3 a5 13. b3 Nd7 14. Bf2 Nc5
15. Rab1 Qb6 16. a3 Qc7 17. b4 axb4 18. axb4 Na4 19. Nxa4 Rxa4 20. Rfc1 Rfa8
21. Rc2 Qc8 22. c5 dxc5 23. Bxc5 Qe8 24. Rd1 h5 25. Bc4 Ra1 26. Rcc1 Rxc1 27.
Qxc1 Ba4 28. Rf1 Rc8 29. f4 Kh7 30. f5 b6 31. Bxb6 Qc6 32. Bc5 Qxe4 33. Bxf7
gxf5 34. Qg5 Qg4 35. Qxh5+ Qxh5 36. Bxh5 Kh6 37. Bf7 Kg5 38. Bxe7+ Kh6 39. Bc5
Kg5 40. Be6 Ra8 {time} 1-0

[Event "Monarch Assurance Isle of Man 12th"]
[Site "Port Erin IOM"]
[Date "2003.09.30"]
[Round "4.36"]
[White "Gordon, Stephen J"]
[Black "Shepherd, Michael"]
[Result "1-0"]
[WhiteElo "2216"]
[BlackElo "2037"]
[PlyCount "29"]
[EventDate "2003.09.27"]
[EventType "swiss"]
[EventRounds "9"]
[EventCountry "IOM"]
[SourceTitle "BritBase"]
[SourceDate "2008.07.14"]
[SourceVersion "1"]
[SourceVersionDate "2008.07.14"]
[SourceQuality "2"]

1. d4 e6 2. c4 b6 3. e4 Bb7 4. Bd3 f5 5. exf5 Bxg2 6. Qh5+ g6 7. fxg6 Nf6 8.
g7+ Nxh5 9. gxh8=Q Qf6 10. Qxh7 Nf4 11. Bxf4 Qxf4 12. Ne2 Bb4+ 13. Nbc3 Bxc3+
14. bxc3 Qf3 15. Rg1 1-0

[Event "Monarch Assurance Isle of Man 12th"]
[Site "Port Erin IOM"]
[Date "2003.09.30"]
[Round "4.37"]
[White "Tagnon, Nicole"]
[Black "Spence, David J"]
[Result "0-1"]
[WhiteElo "2071"]
[BlackElo "2187"]
[PlyCount "36"]
[EventDate "2003.09.27"]
[EventType "swiss"]
[EventRounds "9"]
[EventCountry "IOM"]
[SourceTitle "BritBase"]
[SourceDate "2008.07.14"]
[SourceVersion "1"]
[SourceVersionDate "2008.07.14"]
[SourceQuality "2"]

1. e4 e6 2. d4 d5 3. Nd2 Nf6 4. e5 Nfd7 5. f4 c5 6. c3 Nc6 7. Ndf3 Qb6 8. g3
cxd4 9. cxd4 Bb4+ 10. Kf2 g5 11. h3 gxf4 12. gxf4 f6 13. Kg2 Rg8+ 14. Kh2 fxe5
15. fxe5 Ndxe5 16. Nxe5 Nxe5 17. Qh5+ Nf7 18. Nf3 Bd6+ 0-1

[Event "Monarch Assurance Isle of Man 12th"]
[Site "Port Erin IOM"]
[Date "2003.09.30"]
[Round "4.38"]
[White "Spanton, Tim"]
[Black "Shaw, David A"]
[Result "0-1"]
[WhiteElo "2021"]
[BlackElo "2183"]
[PlyCount "70"]
[EventDate "2003.09.27"]
[EventType "swiss"]
[EventRounds "9"]
[EventCountry "IOM"]
[SourceTitle "BritBase"]
[SourceDate "2008.07.14"]
[SourceVersion "1"]
[SourceVersionDate "2008.07.14"]
[SourceQuality "2"]

1. e4 e5 2. Nf3 Nc6 3. Bb5 a6 4. Bxc6 dxc6 5. Nc3 Bd6 6. d4 exd4 7. Qxd4 f6 8.
Be3 Ne7 9. h3 Be6 10. O-O-O O-O 11. g4 Ng6 12. Kb1 Qe7 13. g5 f5 14. e5 Bb4 15.
a3 c5 16. Qd3 Rfd8 17. Qe2 Bxc3 18. bxc3 Bf7 19. Rxd8+ Rxd8 20. Rd1 Re8 21. Bc1
Qe6 22. c4 b5 23. c3 Rb8 24. cxb5 Rxb5+ 25. Ka1 Qb3 26. Rd8+ Nf8 27. Qb2 Qc4
28. Qd2 f4 29. Nh4 Qb3 30. Qb2 Qe6 31. Qc2 Qxe5 32. Nf5 Bg6 33. Qa2+ c4 34.
Qxc4+ Bf7 35. Qd3 Qxf5 0-1

[Event "Monarch Assurance Isle of Man 12th"]
[Site "Port Erin IOM"]
[Date "2003.09.30"]
[Round "4.40"]
[White "McPhillips, Karl"]
[Black "May, F WLS."]
[Result "1-0"]
[WhiteElo "1918"]
[BlackElo "2153"]
[PlyCount "61"]
[EventDate "2003.09.27"]
[EventType "swiss"]
[EventRounds "9"]
[EventCountry "IOM"]
[SourceTitle "BritBase"]
[SourceDate "2008.07.14"]
[SourceVersion "1"]
[SourceVersionDate "2008.07.14"]
[SourceQuality "2"]

1. d4 d5 2. c4 e6 3. Nc3 c6 4. e4 Bb4 5. e5 Ne7 6. Qg4 Nf5 7. a3 Bxc3+ 8. bxc3
c5 9. Bd3 h5 10. Qf4 Nc6 11. Nf3 dxc4 12. Bxf5 exf5 13. O-O Be6 14. dxc5 h4 15.
Be3 Qd3 16. Rfd1 Qe4 17. Qxe4 fxe4 18. Nd4 Bg4 19. Rdb1 O-O-O 20. Nb5 Rd7 21.
Bf4 Be6 22. Nd6+ Kb8 23. Rb5 Ka8 24. Rab1 Rb8 25. h3 g5 26. Bxg5 Nxe5 27. Bf4
Nd3 28. c6 Rbd8 29. cxd7 Nxf4 30. Rxb7 Bxd7 31. Nxf7 1-0

[Event "Monarch Assurance Isle of Man 12th"]
[Site "Port Erin IOM"]
[Date "2003.09.30"]
[Round "4.41"]
[White "Van Kemenade, Rudy"]
[Black "Egeland, Marte"]
[Result "0-1"]
[WhiteElo "2140"]
[BlackElo "1990"]
[PlyCount "106"]
[EventDate "2003.09.27"]
[EventType "swiss"]
[EventRounds "9"]
[EventCountry "IOM"]
[SourceTitle "BritBase"]
[SourceDate "2008.07.14"]
[SourceVersion "1"]
[SourceVersionDate "2008.07.14"]
[SourceQuality "2"]

1. d4 Nf6 2. g3 d5 3. Bg2 Bf5 4. Nf3 e6 5. O-O h6 6. c4 dxc4 7. Qa4+ c6 8. Qxc4
Nbd7 9. Nc3 Be7 10. Re1 O-O 11. e4 Bh7 12. h3 Nb6 13. Qe2 Rc8 14. Rd1 Bb4 15.
Ne5 Qc7 16. Nd3 Bxc3 17. bxc3 Nc4 18. Bf4 Qe7 19. Ne5 Nxe5 20. Bxe5 Nd7 21. Bf4
e5 22. Bc1 Rfe8 23. dxe5 Nxe5 24. f4 Nd7 25. e5 Nb6 26. Be3 Rcd8 27. Qf2 Nd5
28. Bxd5 cxd5 29. Bxa7 Qe6 30. Kh2 Bf5 31. g4 Be4 32. Bd4 Ra8 33. f5 Qa6 34.
Rd2 Rec8 35. f6 g5 36. h4 Kh7 37. Re1 Qe6 38. Qg3 Rh8 39. Kg1 gxh4 40. Qf4 Rag8
41. Rxe4 dxe4 42. Qxe4+ Rg6 43. Rg2 Ra8 44. g5 Rxa2 45. Bf2 Qh3 46. e6 Ra1+ 47.
Be1 Qxe6 48. Qxe6 fxe6 49. Kf1 hxg5 50. Rf2 Kg8 51. f7+ Kf8 52. Ke2 Rxe1+ 53.
Kxe1 Rg7 0-1

[Event "Monarch Assurance Isle of Man 12th"]
[Site "Port Erin IOM"]
[Date "2003.09.30"]
[Round "4.42"]
[White "Braunlich, Tom"]
[Black "Loughran, John"]
[Result "1-0"]
[WhiteElo "2135"]
[BlackElo "1830"]
[PlyCount "77"]
[EventDate "2003.09.27"]
[EventType "swiss"]
[EventRounds "9"]
[EventCountry "IOM"]
[SourceTitle "BritBase"]
[SourceDate "2008.07.14"]
[SourceVersion "1"]
[SourceVersionDate "2008.07.14"]
[SourceQuality "2"]

1. d4 d5 2. c4 Bf5 3. cxd5 Bxb1 4. Qa4+ c6 5. Rxb1 Qxd5 6. f3 Nf6 7. e4 Qd7 8.
Be3 e6 9. Bd3 Be7 10. Ne2 O-O 11. Qc2 g6 12. O-O Rc8 13. Rbd1 Qd8 14. f4 Ng4
15. Bc1 c5 16. h3 cxd4 17. Qb3 Nf6 18. f5 e5 19. fxg6 hxg6 20. Bc4 Rxc4 21.
Qxc4 Nbd7 22. Ng3 Rc8 23. Qe2 Qb6 24. Kh1 Kg7 25. Rd3 Nc5 26. Rdf3 Rf8 27. Nf5+
gxf5 28. Rg3+ Kh8 29. Rxf5 Nh7 30. Qh5 Qg6 31. Rxg6 fxg6 32. Rxf8+ Bxf8 33.
Qxe5+ Kg8 34. Qd5+ Kh8 35. Qxd4+ Kg8 36. Qd5+ Kh8 37. Be3 Nf6 38. Qf7 Nfd7 39.
Bxc5 1-0

[Event "Monarch Assurance Isle of Man 12th"]
[Site "Port Erin IOM"]
[Date "2003.09.30"]
[Round "4.43"]
[White "Bentley, John"]
[Black "Moes, Waldemar"]
[Result "1-0"]
[WhiteElo "2211"]
[BlackElo "2027"]
[PlyCount "57"]
[EventDate "2003.09.27"]
[EventType "swiss"]
[EventRounds "9"]
[EventCountry "IOM"]
[SourceTitle "BritBase"]
[SourceDate "2008.07.14"]
[SourceVersion "1"]
[SourceVersionDate "2008.07.14"]
[SourceQuality "2"]

1. d4 Nf6 2. c4 g6 3. Nc3 Bg7 4. e4 d6 5. f3 O-O 6. Be3 e5 7. d5 Nh5 8. Qd2
Qh4+ 9. g3 Nxg3 10. Qf2 Nxf1 11. Qxh4 Nxe3 12. Ke2 Nxc4 13. Rc1 Na6 14. b3 Nb6
15. Nh3 Bd7 16. Rhg1 c6 17. Ng5 h6 18. Ne6 Rfe8 19. Nxg7 Kxg7 20. dxc6 Bxc6 21.
Nd1 Nc8 22. Ne3 Ne7 23. Rcd1 Bb5+ 24. Kf2 Nb4 25. Ng4 Ng8 26. Rxd6 Nd3+ 27. Ke3
Nf4 28. Nxe5 g5 29. Qxf4 1-0

[Event "Monarch Assurance Isle of Man 12th"]
[Site "Port Erin IOM"]
[Date "2003.09.30"]
[Round "4.44"]
[White "Murtagh, Dermot"]
[Black "Kovachev, Daniel"]
[Result "0-1"]
[WhiteElo "1798"]
[BlackElo "2066"]
[PlyCount "120"]
[EventDate "2003.09.27"]
[EventType "swiss"]
[EventRounds "9"]
[EventCountry "IOM"]
[SourceTitle "BritBase"]
[SourceDate "2008.07.14"]
[SourceVersion "1"]
[SourceVersionDate "2008.07.14"]
[SourceQuality "2"]

1. e4 Nc6 2. Nc3 Nf6 3. Bc4 e6 4. d3 d5 5. Bb3 Bb4 6. exd5 exd5 7. d4 h6 8.
Nge2 Bg4 9. f3 Be6 10. O-O a6 11. Nf4 Qd7 12. Nxe6 fxe6 13. Ne2 O-O-O 14. c3
Bd6 15. Bc2 g5 16. b4 e5 17. Rb1 Rhe8 18. a4 Ne7 19. Bd3 Kb8 20. Qb3 Ka8 21.
Bd2 e4 22. fxe4 Nxe4 23. Bxe4 dxe4 24. c4 Nf5 25. b5 Rb8 26. c5 Bf4 27. Bxf4
gxf4 28. d5 Ne3 29. c6 Qxd5 30. Qxd5 Nxd5 31. Rfd1 bxc6 32. Rbc1 f3 33. gxf3
exf3 34. Nd4 Ne3 35. Nxc6 Rg8+ 36. Kf2 Nxd1+ 37. Rxd1 Rbf8 38. Rd7 Kb7 39. Na5+
Kc8 40. Rd1 axb5 41. axb5 Rg2+ 42. Kf1 Rxh2 43. Kg1 Rg2+ 44. Kf1 Rh2 45. Kg1
f2+ 46. Kxh2 f1=Q 47. Rxf1 Rxf1 48. Nc4 Rb1 49. Ne5 Rxb5 50. Ng4 Rg5 51. Kh3
Rxg4 52. Kxg4 c5 53. Kf5 c4 54. Ke4 h5 55. Kd4 h4 56. Kxc4 h3 57. Kd3 h2 58.
Ke2 h1=Q 59. Kf2 Qh3 60. Kg1 Kd7 0-1

[Event "Monarch Assurance Isle of Man 12th"]
[Site "Port Erin IOM"]
[Date "2003.09.30"]
[Round "4.45"]
[White "Lutton, E Josiah"]
[Black "Brekke, Jorunn M"]
[Result "1-0"]
[WhiteElo "2031"]
[BlackElo "1527"]
[PlyCount "97"]
[EventDate "2003.09.27"]
[EventType "swiss"]
[EventRounds "9"]
[EventCountry "IOM"]
[SourceTitle "BritBase"]
[SourceDate "2008.07.14"]
[SourceVersion "1"]
[SourceVersionDate "2008.07.14"]
[SourceQuality "2"]

1. e4 e6 2. Nc3 c5 3. f4 Nc6 4. Nf3 Nge7 5. Be2 d5 6. d3 a6 7. O-O b5 8. Qe1
Bb7 9. Bd1 dxe4 10. dxe4 g6 11. e5 Nf5 12. Ne4 Be7 13. c3 c4 14. g4 Ng7 15. Be3
h5 16. h3 hxg4 17. hxg4 Nxe5 18. Nxe5 Bxe4 19. Bf3 Bxf3 20. Rxf3 Qc7 21. Bd4
Kf8 22. Qe4 Rc8 23. Rd1 Kg8 24. Kg2 Rh6 25. Be3 f5 26. Qc2 Kh7 27. g5 Bxg5 28.
fxg5 Rh4 29. Bd4 Re4 30. Rh1+ Nh5 31. Qxe4 fxe4 32. Rf7+ Qxf7 33. Nxf7 Rf8 34.
Nd6 Rf4 35. Ne8 Rg4+ 36. Kf2 Rxg5 37. Nf6+ Kh6 38. Be3 Kg7 39. Bxg5 Nxf6 40.
Bxf6+ Kxf6 41. Ke3 Kf5 42. Rf1+ Ke5 43. Rf8 g5 44. Rf7 g4 45. Rf8 a5 46. a3 Kd5
47. Rg8 Kc5 48. Rxg4 b4 49. Rg5+ 1-0

[Event "Monarch Assurance Isle of Man 12th"]
[Site "Port Erin IOM"]
[Date "2003.09.30"]
[Round "4.46"]
[White "Ormsby, Alan"]
[Black "De Lange, Hans JG"]
[Result "1/2-1/2"]
[WhiteElo "1792"]
[BlackElo "1721"]
[PlyCount "41"]
[EventDate "2003.09.27"]
[EventType "swiss"]
[EventRounds "9"]
[EventCountry "IOM"]
[SourceTitle "BritBase"]
[SourceDate "2008.07.14"]
[SourceVersion "1"]
[SourceVersionDate "2008.07.14"]
[SourceQuality "2"]

1. e4 c5 2. Nf3 Nc6 3. d4 cxd4 4. Nxd4 Nf6 5. Nc3 e5 6. Ndb5 d6 7. Bg5 a6 8.
Na3 b5 9. Bxf6 gxf6 10. Nd5 Bg7 11. Bd3 Ne7 12. Nxe7 Qxe7 13. c3 Be6 14. Nc2
Qd7 15. Ne3 Rd8 16. Bc2 O-O 17. O-O Bh6 18. Nd5 Bxd5 19. exd5 f5 20. Qh5 Kg7
21. Qxf5 1/2-1/2

[Event "Monarch Assurance Isle of Man 12th"]
[Site "Port Erin IOM"]
[Date "2003.10.01"]
[Round "5.1"]
[White "Barsov, Alexei"]
[Black "Korneev, Oleg"]
[Result "1/2-1/2"]
[WhiteElo "2526"]
[BlackElo "2561"]
[PlyCount "20"]
[EventDate "2003.09.27"]
[EventType "swiss"]
[EventRounds "9"]
[EventCountry "IOM"]
[SourceTitle "BritBase"]
[SourceDate "2008.07.14"]
[SourceVersion "1"]
[SourceVersionDate "2008.07.14"]
[SourceQuality "2"]

1. d4 d5 2. c4 e6 3. Nc3 Be7 4. cxd5 exd5 5. Bf4 Nf6 6. e3 O-O 7. Nf3 Bf5 8.
Qb3 Nc6 9. Rc1 Na5 10. Qd1 c6 1/2-1/2

[Event "Monarch Assurance Isle of Man 12th"]
[Site "Port Erin IOM"]
[Date "2003.10.01"]
[Round "5.2"]
[White "Lputian, Smbat G"]
[Black "Zatonskih, Anna"]
[Result "1/2-1/2"]
[WhiteElo "2623"]
[BlackElo "2423"]
[PlyCount "90"]
[EventDate "2003.09.27"]
[EventType "swiss"]
[EventRounds "9"]
[EventCountry "IOM"]
[SourceTitle "BritBase"]
[SourceDate "2008.07.14"]
[SourceVersion "1"]
[SourceVersionDate "2008.07.14"]
[SourceQuality "2"]

1. d4 e6 2. c4 Nf6 3. Nf3 b6 4. g3 Ba6 5. b3 Bb4+ 6. Bd2 Be7 7. Nc3 c6 8. e4 d5
9. e5 Ne4 10. Bd3 Nxd2 11. Qxd2 Bb4 12. O-O c5 13. cxd5 Bxc3 14. Qxc3 Bxd3 15.
Qxd3 Qxd5 16. Rfd1 cxd4 17. Qxd4 Qxd4 18. Nxd4 Na6 19. Nc6 Nc7 20. a4 a5 21. b4
axb4 22. Nxb4 O-O 23. Rd6 Rfb8 24. Nc6 Re8 25. Nb4 Reb8 26. Rd4 g6 27. Rc1 Na6
28. Nxa6 Rxa6 29. Rc7 Ra5 30. Rf4 Rf8 31. Rb7 Rxe5 32. Rxb6 g5 33. Rfb4 Kg7 34.
R6b5 Re1+ 35. Kg2 h6 36. Rb1 Rxb1 37. Rxb1 Ra8 38. Ra1 Ra5 39. Kf3 Kf6 40. Ke4
Ke7 41. Kd4 Kd6 42. Kc4 Kc6 43. g4 Rc5+ 44. Kb3 Kb6 45. Rd1 Re5 1/2-1/2

[Event "Monarch Assurance Isle of Man 12th"]
[Site "Port Erin IOM"]
[Date "2003.10.01"]
[Round "5.3"]
[White "Pert, Nicholas"]
[Black "Iordachescu, Viorel"]
[Result "0-1"]
[WhiteElo "2483"]
[BlackElo "2606"]
[PlyCount "72"]
[EventDate "2003.09.27"]
[EventType "swiss"]
[EventRounds "9"]
[EventCountry "IOM"]
[SourceTitle "BritBase"]
[SourceDate "2008.07.14"]
[SourceVersion "1"]
[SourceVersionDate "2008.07.14"]
[SourceQuality "2"]

1. d4 Nf6 2. Nf3 e6 3. c4 b6 4. a3 c5 5. d5 Ba6 6. Qc2 exd5 7. cxd5 g6 8. Bf4
d6 9. Nc3 Bg7 10. Qa4+ b5 11. Nxb5 O-O 12. Nc3 Qb6 13. Qc2 Nbd7 14. e3 Nh5 15.
Bxa6 Qxa6 16. Bg5 h6 17. Bh4 Rab8 18. Qe2 Qxe2+ 19. Nxe2 Rxb2 20. Rc1 Rfb8 21.
Ng3 Nhf6 22. Bxf6 Nxf6 23. O-O Ra2 24. e4 Nd7 25. Rb1 Rb6 26. h3 Rxa3 27. Nd2
Ra4 28. Rbc1 Rbb4 29. f4 Bd4+ 30. Kh1 Ra3 31. Kh2 Ra2 32. Nc4 Nb6 33. Nxd6 Rbb2
34. Rg1 Bxg1+ 35. Rxg1 c4 36. Nf1 Ra1 0-1